[Event "Outaouais-ch Reserve"]
[Site "Gatineau CAN"]
[Date "2017.05.02"]
[Round "3"]
[White "Labelle, Raymond"]
[Black "Levesque, Jonathan"]
[Result "0-1"]
[WhiteElo "1499"]
[BlackElo "1172"]
[WhiteFideId "-1"]
[WhiteFideId "-1"]
[PlyCount "119"]
[GameId "2160767908411879"]
[EventDate "2017.04.18"]
[EventType "swiss"]
[EventRounds "7"]
[EventCountry "CAN"]
[SourceTitle "EXT 2022"]
[Source "ChessBase"]
[SourceDate "2021.10.06"]
[SourceVersion "1"]
[SourceVersionDate "2021.10.06"]
[SourceQuality "1"]

1. e4 c5 2. Nf3 d6 3. d4 cxd4 4. Nxd4 Nf6 5. Nc3 a6 6. a4 e6 7. h3 Be7 8. Be3 Nbd7 9. Bd3 Qc7 10. O-O O-O 11. Nf3 Nc5 12. Be2 Ncxe4 13. Nxe4 Nxe4 14. Bd3 d5 15. Nd2 Rd8 16. Qe2 Nc5 17. Nb3 Bd7 18. Nxc5 Bxc5 19. Bxc5 Qxc5 20. Rfe1 b5 21. a5 Rdc8 22. Qg4 b4 23. Re3 Bb5 24. Bxb5 Qxb5 25. Re2 Rc4 26. Qf3 Rac8 27. Qb3 Rd4 28. c3 Qxe2 29. cxd4 Rc2 30. Qg3 h6 31. Rb1 Rxb2 32. Ra1 Ra2 33. Rxa2 Qxa2 34. Qb8+ Kh7 35. Qxb4 Qc4 36. Qxc4 dxc4 37. Kf1 Kg8 38. Ke1 Kf8 39. Kd2 Ke7 40. Kc3 Kd6 41. Kxc4 f6 42. f4 g5 43. g3 Kc6 44. fxg5 hxg5 45. g4 Kd6 46. Kd3 Kd5 47. Ke3 Kc4 48. Ke4 Kb5 49. d5 exd5+ 50. Kxd5 Kxa5 51. Kc5 Ka4 52. Kc4 a5 53. Kc3 Ka3 54. Kc4 a4 55. Kc3 Ka2 56. Kc2 a3 57. Kc1 Kb3 58. Kb1 Kc3 59. Ka2 Kd3 60. Kxa3 0-1

[Event "Outaouais-ch Reserve"]
[Site "Gatineau CAN"]
[Date "2017.05.02"]
[Round "3"]
[White "Lemieux, Richard"]
[Black "Lecorre, Joel"]
[Result "1-0"]
[WhiteElo "1473"]
[BlackElo "1501"]
[WhiteFideId "-1"]
[WhiteFideId "-1"]
[PlyCount "59"]
[GameId "2160767908411880"]
[EventDate "2017.04.18"]
[EventType "swiss"]
[EventRounds "7"]
[EventCountry "CAN"]
[SourceTitle "EXT 2022"]
[Source "ChessBase"]
[SourceDate "2021.10.06"]
[SourceVersion "1"]
[SourceVersionDate "2021.10.06"]
[SourceQuality "1"]

1. e4 e5 2. f4 d5 3. Nf3 exf4 4. exd5 Nf6 5. Bb5+ Bd7 6. Qe2+ Be7 7. d6 cxd6 8. O-O O-O 9. Bc4 d5 10. Bb3 Re8 11. d4 Bd6 12. Qd3 Nc6 13. Bd2 Qc8 14. Re1 Rxe1+ 15. Bxe1 Bf5 16. Qf1 Qe6 17. Nc3 Re8 18. Ng5 Qe7 19. Bf2 Be6 20. Re1 h6 21. Nxe6 fxe6 22. Nxd5 Nxd5 23. Bxd5 Qd7 24. Qe2 Kf7 25. Qg4 g6 26. Be4 g5 27. Bd5 Re7 28. Qf5+ Ke8 29. Bxe6 Qc7 30. Qf6 1-0

[Event "Outaouais-ch Reserve"]
[Site "Gatineau CAN"]
[Date "2017.05.02"]
[Round "3"]
[White "Lepine, Louis"]
[Black "Clermont, Yves"]
[Result "0-1"]
[WhiteElo "1103"]
[BlackElo "1223"]
[WhiteFideId "-1"]
[WhiteFideId "-1"]
[PlyCount "54"]
[GameId "2160767908411881"]
[EventDate "2017.04.18"]
[EventType "swiss"]
[EventRounds "7"]
[EventCountry "CAN"]
[SourceTitle "EXT 2022"]
[Source "ChessBase"]
[SourceDate "2021.10.06"]
[SourceVersion "1"]
[SourceVersionDate "2021.10.06"]
[SourceQuality "1"]

1. d4 f5 2. f3 e6 3. g3 Nf6 4. Bf4 Be7 5. Nc3 a6 6. e3 O-O 7. Qe2 b5 8. O-O-O d5 9. Be5 Qd7 10. Nh3 b4 11. Bxf6 bxc3 12. Bxe7 cxb2+ 13. Kb1 Qxe7 14. f4 Nc6 15. Ng5 Rb8 16. Rd2 Qa3 17. c3 Bd7 18. Rxb2 Rxb2+ 19. Qxb2 Rb8 20. Qxb8+ Nxb8 21. c4 dxc4 22. Bxc4 Qb4+ 23. Ka1 Qxc4 24. h4 Bc6 25. Rb1 Nd7 26. h5 h6 27. e4 hxg5 0-1

[Event "Outaouais-ch Reserve"]
[Site "Gatineau CAN"]
[Date "2017.05.02"]
[Round "3"]
[White "Masse-Garneau, Anthony"]
[Black "Sabourin, Yves"]
[Result "1-0"]
[WhiteElo "1378"]
[BlackElo "1499"]
[WhiteFideId "-1"]
[WhiteFideId "-1"]
[PlyCount "65"]
[GameId "2160767908411882"]
[EventDate "2017.04.18"]
[EventType "swiss"]
[EventRounds "7"]
[EventCountry "CAN"]
[SourceTitle "EXT 2022"]
[Source "ChessBase"]
[SourceDate "2021.10.06"]
[SourceVersion "1"]
[SourceVersionDate "2021.10.06"]
[SourceQuality "1"]

1. e4 e5 2. Nf3 Nf6 3. Nxe5 d6 4. Nf3 Nxe4 5. d3 Nf6 6. Nc3 Be7 7. Be2 c5 8. O-O Bd7 9. Re1 b5 10. d4 b4 11. Nb1 O-O 12. dxc5 dxc5 13. Ne5 Bc6 14. Nxc6 Nxc6 15. Bf3 Qxd1 16. Rxd1 Rac8 17. Be3 Ne5 18. Be2 Rfd8 19. Nd2 Neg4 20. Bg5 h6 21. Bxg4 hxg5 22. Bxc8 Rxc8 23. Nc4 g4 24. Ne3 Bd8 25. a3 a5 26. Nc4 Bc7 27. axb4 axb4 28. Ra6 Bb8 29. b3 Re8 30. Kf1 Be5 31. Re1 Bb8 32. Rxe8+ Nxe8 33. Ra8 1-0

[Event "Outaouais-ch Reserve"]
[Site "Gatineau CAN"]
[Date "2017.05.02"]
[Round "3"]
[White "Raymond, Robert"]
[Black "Cayen, Jean-Philippe"]
[Result "0-1"]
[WhiteElo "1236"]
[BlackElo "1303"]
[WhiteFideId "-1"]
[WhiteFideId "-1"]
[PlyCount "122"]
[GameId "2160767908411883"]
[EventDate "2017.04.18"]
[EventType "swiss"]
[EventRounds "7"]
[EventCountry "CAN"]
[SourceTitle "EXT 2022"]
[Source "ChessBase"]
[SourceDate "2021.10.06"]
[SourceVersion "1"]
[SourceVersionDate "2021.10.06"]
[SourceQuality "1"]

1. e4 g6 2. d4 e6 3. Nf3 Bg7 4. Nc3 b6 5. Bd3 Bb7 6. Be3 d6 7. O-O Nd7 8. Qe2 Ne7 9. Ba6 Qc8 10. Bxb7 Qxb7 11. b4 O-O 12. a4 c5 13. bxc5 dxc5 14. Qd3 Rfd8 15. Nb5 cxd4 16. Bxd4 Bxd4 17. Qxd4 Nc5 18. Nd6 Qc7 19. e5 Nf5 20. Qf4 Nxd6 21. exd6 Qxd6 22. Qxd6 Rxd6 23. Ne5 Rad8 24. Nc4 Rd4 25. Ne3 Rxa4 26. Rxa4 Nxa4 27. g3 Rc8 28. Ra1 b5 29. Rc1 Nc3 30. Ra1 Ra8 31. Ra6 Ne4 32. Ng4 Nc5 33. Rc6 Na4 34. Nf6+ Kg7 35. Ne4 Rd8 36. Nd6 b4 37. Nc4 Nc3 38. Ne3 a5 39. Rc4 Rb8 40. Kf1 a4 41. Rc5 a3 42. Ra5 a2 43. Ke1 b3 44. cxb3 Rxb3 45. Kd2 Rb1 46. Nc2 Ne4+ 47. Ke3 Rb2 48. Na1 Nxf2 49. h4 h5 50. Ra4 Nh1 51. Kf3 Kh6 52. Ra3 e5 53. Ke3 f5 54. Kd3 Nxg3 55. Kc3 Rg2 56. Nc2 f4 57. Rxa2 f3 58. Ra1 Nf5 59. Rf1 Nxh4 60. Ne3 Re2 61. Kd3 g5 0-1

[Event "Outaouais-ch Reserve"]
[Site "Gatineau CAN"]
[Date "2017.05.02"]
[Round "3"]
[White "Seguin, Hubert"]
[Black "Berthiaume, Serge"]
[Result "1-0"]
[WhiteElo "1526"]
[BlackElo "1518"]
[WhiteFideId "-1"]
[WhiteFideId "-1"]
[PlyCount "133"]
[GameId "2160767908411884"]
[EventDate "2017.04.18"]
[EventType "swiss"]
[EventRounds "7"]
[EventCountry "CAN"]
[SourceTitle "EXT 2022"]
[Source "ChessBase"]
[SourceDate "2021.10.06"]
[SourceVersion "1"]
[SourceVersionDate "2021.10.06"]
[SourceQuality "1"]

1. e4 c5 2. Nc3 Nc6 3. g3 g6 4. Bg2 Bg7 5. d3 d6 6. f4 Nf6 7. Nf3 Bg4 8. h3 Bxf3 9. Bxf3 Nd4 10. Bg2 Rb8 11. O-O O-O 12. Ne2 Nd7 13. c3 Nxe2+ 14. Qxe2 Qb6 15. Kh1 Qc7 16. Be3 b5 17. d4 b4 18. Rfd1 bxc3 19. bxc3 cxd4 20. cxd4 Qc3 21. Rdc1 Qa3 22. Rc2 Rb4 23. e5 dxe5 24. dxe5 Rfb8 25. Rac1 Rb1 26. Kh2 R1b2 27. Bd4 Rxc2 28. Qxc2 Nb6 29. Bc5 Qa6 30. Bxe7 Rc8 31. Qd2 Nc4 32. Qe2 Qe6 33. Bb4 Bf8 34. Bxf8 Kxf8 35. Qd3 Nb6 36. Rxc8+ Nxc8 37. Qd8+ Qe8 38. Qxe8+ Kxe8 39. Bd5 Ke7 40. Kg2 Nb6 41. Bb3 a5 42. a4 Nd7 43. Kf3 Nc5 44. Bc2 f6 45. exf6+ Kxf6 46. Ke3 h6 47. Kd4 Ne6+ 48. Kc4 g5 49. f5 Nd8 50. g4 Nb7 51. Kd5 Nd8 52. Kd6 Nf7+ 53. Kc5 Ne5 54. Be4 Nf7 55. Bd5 Ne5 56. Kb5 Nd3 57. Kxa5 Nf4 58. Bc6 Nxh3 59. Kb5 Nf2 60. a5 Nxg4 61. a6 Kxf5 62. a7 Ne5 63. Bb7 Nf7 64. Kb6 Nd6 65. Ba6 h5 66. a8=Q Ne4 67. Bd3 1-0

[Event "Outaouais-ch Reserve"]
[Site "Gatineau CAN"]
[Date "2017.05.02"]
[Round "3"]
[White "Simard, Paul"]
[Black "Traversy, Pierre"]
[Result "0-1"]
[WhiteElo "1228"]
[BlackElo "1210"]
[WhiteFideId "-1"]
[WhiteFideId "-1"]
[PlyCount "108"]
[GameId "2160767908411885"]
[EventDate "2017.04.18"]
[EventType "swiss"]
[EventRounds "7"]
[EventCountry "CAN"]
[SourceTitle "EXT 2022"]
[Source "ChessBase"]
[SourceDate "2021.10.06"]
[SourceVersion "1"]
[SourceVersionDate "2021.10.06"]
[SourceQuality "1"]

1. d4 Nf6 2. c4 c6 3. Nc3 d5 4. Bg5 e6 5. a3 Nbd7 6. e3 Be7 7. Nf3 Qc7 8. Be2 b6 9. O-O Ba6 10. b3 e5 11. dxe5 Nxe5 12. Bf4 Nxf3+ 13. Bxf3 Bd6 14. Bxd6 Qxd6 15. Re1 O-O 16. cxd5 c5 17. a4 Rad8 18. e4 Rfe8 19. Ne2 Bxe2 20. Bxe2 Rxe4 21. Bf3 Rxe1+ 22. Qxe1 Re8 23. Qd2 Nd7 24. Be2 Nf6 25. f3 Qxd5 26. Rd1 Rd8 27. Qf4 Qa8 28. Qc4 Rxd1+ 29. Bxd1 Qd8 30. Qe2 Kf8 31. Bc2 Qd4+ 32. Kf1 Nd5 33. Bxh7 Ne3+ 34. Ke1 g6 35. Kf2 Nf5+ 36. Ke1 Qe3 37. Qxe3 Nxe3 38. Kf2 Nd5 39. g4 Kg7 40. Bxg6 fxg6 41. h4 a6 42. Kg3 b5 43. f4 c4 44. axb5 axb5 45. bxc4 bxc4 46. f5 gxf5 47. gxf5 c3 48. Kg4 Kh6 49. h5 c2 50. Kf3 c1=Q 51. Ke4 Nf6+ 52. Ke5 Qc3+ 53. Ke6 Kxh5 54. Kf7 Kg5 0-1

[Event "Outaouais-ch Reserve"]
[Site "Gatineau CAN"]
[Date "2017.05.09"]
[Round "4"]
[White "Bilodeau, Victor"]
[Black "Bastien, Andre"]
[Result "1-0"]
[WhiteElo "1692"]
[BlackElo "1829"]
[WhiteFideId "-1"]
[WhiteFideId "-1"]
[PlyCount "157"]
[GameId "2160767908411886"]
[EventDate "2017.04.18"]
[EventType "swiss"]
[EventRounds "7"]
[EventCountry "CAN"]
[SourceTitle "EXT 2022"]
[Source "ChessBase"]
[SourceDate "2021.10.06"]
[SourceVersion "1"]
[SourceVersionDate "2021.10.06"]
[SourceQuality "1"]

1. e4 d5 2. e5 Bf5 3. d4 e6 4. Nf3 c5 5. c3 a6 6. Nbd2 Nc6 7. Be2 Qb6 8. Qb3 Qc7 9. O-O Nge7 10. h3 h6 11. Qd1 g5 12. Nb3 c4 13. Nbd2 Bh7 14. Nh2 Ng6 15. Ng4 Bg7 16. Nf3 Nce7 17. Nfh2 Nf4 18. Bxf4 gxf4 19. Qd2 Ng6 20. Nf3 O-O-O 21. b3 Rhf8 22. bxc4 dxc4 23. Qb2 Ne7 24. Nd2 Bd3 25. Rfe1 Nd5 26. Bf3 Qa5 27. Rec1 f6 28. exf6 Bxf6 29. Nxf6 Rxf6 30. Ne4 Rg6 31. Nc5 Qc7 32. Nxd3 cxd3 33. Be4 Rg5 34. Bxd3 Qg7 35. Be4 Rxg2+ 36. Kf1 Rh2 37. Qe2 Ne3+ 38. Ke1 Qg1+ 39. Kd2 Qxf2 40. Qxf2 Rxf2+ 41. Kd3 Rg8 42. Rab1 b5 43. Rg1 Rxg1 44. Rxg1 Nc4 45. Rg8+ Kc7 46. Rg7+ Kd6 47. Bb7 Rh2 48. Bxa6 Rxh3+ 49. Ke4 f3 50. Bxb5 Nb6 51. Rb7 f2 52. Rxb6+ Ke7 53. Bc4 Rxc3 54. Rxe6+ Kd7 55. Rxh6 Rxc4 56. Rf6 Rc2 57. a4 Re2+ 58. Kd3 Ra2 59. Ke3 Rxa4 60. Rxf2 Ke6 61. Ke4 Rb4 62. Ra2 Rb6 63. Rh2 Rb1 64. Rh6+ Kd7 65. Kd5 Rb5+ 66. Kc4 Rb1 67. Kc5 Rc1+ 68. Kd5 Ra1 69. Rh7+ Kd8 70. Kd6 Ra6+ 71. Ke5 Ra5+ 72. d5 Ra1 73. Ke6 Re1+ 74. Kd6 Ke8 75. Rh6 Ra1 76. Rh8+ Kf7 77. Rc8 Rd1 78. Rc5 Ra1 79. Kd7 1-0

[Event "Outaouais-ch Reserve"]
[Site "Gatineau CAN"]
[Date "2017.05.09"]
[Round "4"]
[White "Bourbonnais, Luc"]
[Black "Lepine, Louis"]
[Result "1-0"]
[WhiteElo "1277"]
[BlackElo "1103"]
[WhiteFideId "-1"]
[WhiteFideId "-1"]
[PlyCount "83"]
[GameId "2160767908411887"]
[EventDate "2017.04.18"]
[EventType "swiss"]
[EventRounds "7"]
[EventCountry "CAN"]
[SourceTitle "EXT 2022"]
[Source "ChessBase"]
[SourceDate "2021.10.06"]
[SourceVersion "1"]
[SourceVersionDate "2021.10.06"]
[SourceQuality "1"]

1. e4 e5 2. Nf3 Nc6 3. Bb5 f6 4. d4 d6 5. d5 a6 6. Ba4 b5 7. Bxb5 axb5 8. dxc6 Ra6 9. Qd5 Rb6 10. Be3 Ne7 11. Qb3 Ba6 12. Bxb6 cxb6 13. Nc3 Nxc6 14. Nd5 Nd4 15. Nxd4 exd4 16. Qb4 Qb8 17. O-O-O d3 18. Rxd3 g6 19. Rhd1 Bh6+ 20. Kb1 Kf7 21. Qd4 Bg5 22. f4 Bh4 23. g3 Qd8 24. gxh4 b4 25. R3d2 Bb7 26. Nxb6 Re8 27. Qxd6 Qxd6 28. Rxd6 Bxe4 29. a4 Re7 30. Rd7 Bc6 31. Rxe7+ Kxe7 32. a5 Be4 33. a6 b3 34. Re1 f5 35. a7 bxc2+ 36. Kc1 Kd6 37. Rxe4 fxe4 38. a8=Q e3 39. Kxc2 e2 40. Kd2 Kc5 41. Qa5+ Kd4 42. Qd5# 1-0

[Event "Outaouais-ch Reserve"]
[Site "Gatineau CAN"]
[Date "2017.05.09"]
[Round "4"]
[White "Cayen, Jean-Philippe"]
[Black "Berthiaume, Serge"]
[Result "1-0"]
[WhiteElo "1303"]
[BlackElo "1518"]
[WhiteFideId "-1"]
[WhiteFideId "-1"]
[PlyCount "95"]
[GameId "2160767908411888"]
[EventDate "2017.04.18"]
[EventType "swiss"]
[EventRounds "7"]
[EventCountry "CAN"]
[SourceTitle "EXT 2022"]
[Source "ChessBase"]
[SourceDate "2021.10.06"]
[SourceVersion "1"]
[SourceVersionDate "2021.10.06"]
[SourceQuality "1"]

1. g3 c5 2. Bg2 Nc6 3. e3 g6 4. Ne2 Bg7 5. Nbc3 Nf6 6. b3 d6 7. Bb2 O-O 8. O-O a6 9. a3 Be6 10. Qc1 Qd7 11. Ne4 Ne5 12. Nxf6+ Bxf6 13. d4 cxd4 14. Bxd4 Bh3 15. Bxh3 Qxh3 16. Bxe5 Bxe5 17. Rb1 Qd7 18. a4 Rac8 19. Qd1 Bg7 20. c4 b5 21. cxb5 axb5 22. a5 b4 23. Nd4 e5 24. Nc2 Rb8 25. Ra1 d5 26. Ra4 Qd6 27. Qd2 d4 28. exd4 exd4 29. Rxb4 Rxb4 30. Qxb4 Qxb4 31. Nxb4 Rb8 32. Nc6 Rxb3 33. a6 d3 34. Rd1 Ra3 35. a7 Kf8 36. Rxd3 Ra1+ 37. Kg2 Bf6 38. Rd5 Ra6 39. Ra5 Rxa7 40. Rxa7 Kg7 41. f4 Bc3 42. Kf3 h5 43. h3 Kf6 44. Nd8 Kg7 45. Rxf7+ Kg8 46. Rb7 Ba5 47. Nc6 Bc3 48. Ne5 1-0

[Event "Outaouais-ch Reserve"]
[Site "Gatineau CAN"]
[Date "2017.05.09"]
[Round "4"]
[White "Danilov, Alex"]
[Black "Iyamuremye, Gervais"]
[Result "1/2-1/2"]
[WhiteElo "1705"]
[BlackElo "1454"]
[WhiteFideId "-1"]
[WhiteFideId "-1"]
[PlyCount "110"]
[GameId "2160767908411889"]
[EventDate "2017.04.18"]
[EventType "swiss"]
[EventRounds "7"]
[EventCountry "CAN"]
[SourceTitle "EXT 2022"]
[Source "ChessBase"]
[SourceDate "2021.10.06"]
[SourceVersion "1"]
[SourceVersionDate "2021.10.06"]
[SourceQuality "1"]

1. Nf3 b6 2. c4 Bb7 3. Nc3 Nf6 4. e3 e6 5. d4 d5 6. cxd5 Nxd5 7. Be2 Bb4 8. Bd2 O-O 9. O-O Nxc3 10. bxc3 Bd6 11. Bd3 c5 12. e4 cxd4 13. cxd4 Ba6 14. Bxa6 Nxa6 15. Qa4 Nb8 16. Rac1 Qd7 17. Qc2 Na6 18. Qc4 Qb7 19. Qb5 Rfc8 20. d5 exd5 21. exd5 Nc7 22. Qc6 Qxc6 23. Rxc6 Ne8 24. Rfc1 Rd8 25. Nd4 Bc5 26. Be3 Rxd5 27. Nb3 Rad8 28. Rf1 Bxe3 29. fxe3 Rd1 30. Nd4 Rxf1+ 31. Kxf1 g6 32. Ke2 Kg7 33. g4 Rd7 34. g5 Rc7 35. e4 Rxc6 36. Nxc6 a6 37. e5 h6 38. h4 hxg5 39. hxg5 Nc7 40. Kf3 a5 41. Nd4 Kf8 42. Ke4 Ke7 43. Nc6+ Ke8 44. Nd4 Ne6 45. Nf3 Kd7 46. Kd5 b5 47. Nd2 a4 48. Ne4 Nc7+ 49. Kc5 Ke6 50. Nd6 Kxe5 51. Nxf7+ Kf5 52. a3 Ne6+ 53. Kxb5 Nxg5 54. Nh8 Ne6 55. Nxg6 Kxg6 1/2-1/2

[Event "Outaouais-ch Reserve"]
[Site "Gatineau CAN"]
[Date "2017.05.09"]
[Round "4"]
[White "Lecorre, Joel"]
[Black "Arcand, Pierre"]
[Result "0-1"]
[WhiteElo "1501"]
[BlackElo "1239"]
[WhiteFideId "-1"]
[WhiteFideId "-1"]
[PlyCount "86"]
[GameId "2160767908411890"]
[EventDate "2017.04.18"]
[EventType "swiss"]
[EventRounds "7"]
[EventCountry "CAN"]
[SourceTitle "EXT 2022"]
[Source "ChessBase"]
[SourceDate "2021.10.06"]
[SourceVersion "1"]
[SourceVersionDate "2021.10.06"]
[SourceQuality "1"]

1. e4 e5 2. Bc4 Nf6 3. d4 Bd6 4. Nf3 Nc6 5. O-O O-O 6. Re1 Re8 7. Nc3 exd4 8. Nxd4 Nxd4 9. Qxd4 Be5 10. Qd3 Bxc3 11. bxc3 d5 12. Bb3 dxe4 13. Qxd8 Rxd8 14. Bg5 Re8 15. Bxf6 gxf6 16. Re3 Bf5 17. Rae1 Kf8 18. Bd5 c6 19. Bxe4 Bxe4 20. Rxe4 Rxe4 21. Rxe4 Re8 22. Rxe8+ Kxe8 23. Kf1 Ke7 24. Ke2 Ke6 25. Kd3 Kd5 26. c4+ Kc5 27. Kc3 a5 28. a4 b5 29. cxb5 cxb5 30. axb5 Kxb5 31. g4 a4 32. h4 Kc5 33. f3 Kb5 34. f4 Kc5 35. g5 fxg5 36. hxg5 Kb5 37. f5 Kc5 38. Kb2 Kb4 39. c3+ Kc4 40. Ka3 Kxc3 41. Kxa4 Kd4 42. g6 hxg6 43. fxg6 fxg6 0-1

[Event "Outaouais-ch Reserve"]
[Site "Gatineau CAN"]
[Date "2017.05.09"]
[Round "4"]
[White "Raymond, Daniel"]
[Black "Lemieux, Richard"]
[Result "1-0"]
[WhiteElo "1785"]
[BlackElo "1473"]
[WhiteFideId "-1"]
[WhiteFideId "-1"]
[PlyCount "55"]
[GameId "2160767908411893"]
[EventDate "2017.04.18"]
[EventType "swiss"]
[EventRounds "7"]
[EventCountry "CAN"]
[SourceTitle "EXT 2022"]
[Source "ChessBase"]
[SourceDate "2021.10.06"]
[SourceVersion "1"]
[SourceVersionDate "2021.10.06"]
[SourceQuality "1"]

1. e4 c5 2. Nf3 Nc6 3. Nc3 d6 4. d4 cxd4 5. Nxd4 a6 6. Be2 g6 7. O-O Bd7 8. Kh1 Qb6 9. Nd5 Qxd4 10. Nc7+ Kd8 11. Nxa8 Qa7 12. Be3 Qxa8 13. Bb6+ Ke8 14. f4 e6 15. Qd2 h5 16. Rad1 h4 17. h3 Qc8 18. Bd3 Nf6 19. c3 Nh5 20. Rf3 Ng3+ 21. Kh2 e5 22. f5 gxf5 23. exf5 e4 24. Re3 Bh6 25. Bxe4 Nxe4 26. Rxe4+ Ne5 27. Qxd6 Bxf5 28. Qxe5+ 1-0

[Event "Outaouais-ch Reserve"]
[Site "Gatineau CAN"]
[Date "2017.05.09"]
[Round "4"]
[White "Rioux, Jocelyn"]
[Black "Sabourin, Yves"]
[Result "0-1"]
[WhiteElo "1513"]
[BlackElo "1499"]
[WhiteFideId "-1"]
[WhiteFideId "-1"]
[PlyCount "86"]
[GameId "2160767908411894"]
[EventDate "2017.04.18"]
[EventType "swiss"]
[EventRounds "7"]
[EventCountry "CAN"]
[SourceTitle "EXT 2022"]
[Source "ChessBase"]
[SourceDate "2021.10.06"]
[SourceVersion "1"]
[SourceVersionDate "2021.10.06"]
[SourceQuality "1"]

1. e4 e5 2. Nf3 Nf6 3. Nxe5 d6 4. Nf3 Nxe4 5. d3 Nf6 6. Be2 Be7 7. O-O O-O 8. Nc3 Re8 9. Bf4 Bd7 10. d4 c6 11. d5 Bf8 12. dxc6 Bxc6 13. Bb5 a6 14. Bxc6 bxc6 15. Bg5 Nbd7 16. Re1 Be7 17. Nd4 Qc7 18. Nf5 Bf8 19. Bf4 Ne5 20. h3 Qd7 21. Bxe5 Qxf5 22. Bxf6 Qxf6 23. Qd3 a5 24. a4 d5 25. Rxe8 Rxe8 26. Kf1 Bb4 27. Re1 Rxe1+ 28. Kxe1 d4 29. Kd1 dxc3 30. bxc3 Qxc3 31. Qd8+ Bf8 32. Qd3 Qa1+ 33. Kd2 Qxa4 34. Qb3 Qb5 35. Qd3 a4 36. Qxb5 cxb5 37. c3 Bc5 38. f3 Kf8 39. Kd3 Ke7 40. Kc2 Ke6 41. Kd3 a3 42. Kc2 Kd5 43. Kb3 b4 0-1

[Event "Outaouais-ch Reserve"]
[Site "Gatineau CAN"]
[Date "2017.05.09"]
[Round "4"]
[White "Seguin, Hubert"]
[Black "Masse-Garneau, Anthony"]
[Result "1-0"]
[WhiteElo "1526"]
[BlackElo "1378"]
[WhiteFideId "-1"]
[WhiteFideId "-1"]
[PlyCount "59"]
[GameId "2160767908411895"]
[EventDate "2017.04.18"]
[EventType "swiss"]
[EventRounds "7"]
[EventCountry "CAN"]
[SourceTitle "EXT 2022"]
[Source "ChessBase"]
[SourceDate "2021.10.06"]
[SourceVersion "1"]
[SourceVersionDate "2021.10.06"]
[SourceQuality "1"]

1. e4 e5 2. Nf3 Nc6 3. Bb5 Bc5 4. Nxe5 Qh4 5. O-O Nxe5 6. d4 Bd6 7. dxe5 Bxe5 8. f4 Bd6 9. Be3 Nh6 10. Be2 O-O 11. Nc3 a6 12. Nd5 Qd8 13. e5 Be7 14. f5 Bg5 15. Qd2 Bxe3+ 16. Qxe3 d6 17. Bd3 Ng4 18. Qg3 dxe5 19. Qxg4 Qxd5 20. Be4 Qc5+ 21. Kh1 f6 22. Rad1 Qb5 23. Bd5+ Kh8 24. Bb3 Bd7 25. Rf3 Rae8 26. Rh3 h6 27. Qg6 Re7 28. Rxh6+ gxh6 29. Qxh6+ Rh7 30. Qxf8# 1-0

[Event "Outaouais-ch Reserve"]
[Site "Gatineau CAN"]
[Date "2017.05.09"]
[Round "4"]
[White "Traversy, Pierre"]
[Black "Labelle, Raymond"]
[Result "0-1"]
[WhiteElo "1210"]
[BlackElo "1499"]
[WhiteFideId "-1"]
[WhiteFideId "-1"]
[PlyCount "88"]
[GameId "2160767908411896"]
[EventDate "2017.04.18"]
[EventType "swiss"]
[EventRounds "7"]
[EventCountry "CAN"]
[SourceTitle "EXT 2022"]
[Source "ChessBase"]
[SourceDate "2021.10.06"]
[SourceVersion "1"]
[SourceVersionDate "2021.10.06"]
[SourceQuality "1"]

1. d4 Nf6 2. c4 e6 3. Nc3 b6 4. Nf3 Bb7 5. Bg5 Be7 6. e3 Ne4 7. Bxe7 Qxe7 8. Nxe4 Bxe4 9. a3 O-O 10. Bd3 f5 11. b4 d6 12. Bf1 Nd7 13. g3 Rad8 14. Bg2 Nf6 15. h3 c5 16. O-O Qb7 17. Kh2 g5 18. Rg1 b5 19. Nxg5 Bxg2 20. Nxe6 Bf3 21. Qc2 bxc4 22. Nxd8 Rxd8 23. Qxf5 Rf8 24. Qe6+ Rf7 25. Qxc4 Bd5 26. Qc2 c4 27. Qe2 c3 28. Rac1 Bf3 29. Qa2 Ne4 30. Rc2 Kf8 31. Qc4 Rc7 32. Qe6 Qb5 33. Qh6+ Ke8 34. Qe6+ Kd8 35. Qg8+ Kd7 36. Qf7+ Kc6 37. Qe8+ Rd7 38. Rgc1 Kb6 39. Qf8 Bh5 40. Qf4 Bg6 41. f3 Rf7 42. Qg4 Nd2 43. f4 Bxc2 44. Rg1 Be4 0-1

[Event "Outaouais-ch Reserve"]
[Site "Gatineau CAN"]
[Date "2017.05.16"]
[Round "5"]
[White "Arcand, Pierre"]
[Black "Cayen, Jean-Philippe"]
[Result "1-0"]
[WhiteElo "1239"]
[BlackElo "1303"]
[WhiteFideId "-1"]
[WhiteFideId "-1"]
[PlyCount "120"]
[GameId "2160767908411897"]
[EventDate "2017.04.18"]
[EventType "swiss"]
[EventRounds "7"]
[EventCountry "CAN"]
[SourceTitle "EXT 2022"]
[Source "ChessBase"]
[SourceDate "2021.10.06"]
[SourceVersion "1"]
[SourceVersionDate "2021.10.06"]
[SourceQuality "1"]

1. e4 g6 2. Nf3 Bg7 3. Bc4 e6 4. O-O Ne7 5. d4 O-O 6. c3 b6 7. e5 Bb7 8. Bg5 d6 9. exd6 Qxd6 10. Nbd2 a6 11. Qe2 Bd5 12. Bxd5 Nxd5 13. g3 c5 14. Ne4 Qc7 15. dxc5 bxc5 16. c4 Nb6 17. Bf6 N8d7 18. Bxg7 Kxg7 19. b3 Ne5 20. Nxe5 Qxe5 21. Rfe1 f5 22. Ng5 Qxe2 23. Rxe2 Kf6 24. Nxh7+ Kf7 25. Nxf8 Rxf8 26. Rae1 Re8 27. h4 a5 28. Rd2 Ke7 29. Red1 a4 30. Rd6 Rb8 31. Rc6 axb3 32. axb3 Nd7 33. Rc7 Rd8 34. Ra1 Kd6 35. Rca7 Ke5 36. Rd1 Rb8 37. Raxd7 Rxb3 38. Re1+ Kf6 39. Rd6 Rc3 40. Rexe6+ Kf7 41. Rb6 Rxc4 42. Rbc6 f4 43. Rxg6 fxg3 44. Rxg3 Rxh4 45. Ra3 Rd4 46. Ra7+ Ke8 47. Rc8+ Rd8 48. Rxd8+ Kxd8 49. Ra5 c4 50. Rc5 Ke7 51. Rxc4 Kf7 52. f4 Kf6 53. Kg2 Kf5 54. Kf3 Kf6 55. Kg4 Kg6 56. Rc6+ Kf7 57. f5 Kg7 58. f6+ Kf7 59. Kg5 Kg8 60. Kg6 Kf8 1-0

[Event "Outaouais-ch Reserve"]
[Site "Gatineau CAN"]
[Date "2017.05.16"]
[Round "5"]
[White "Berthiaume, Serge"]
[Black "Bourbonnais, Luc"]
[Result "0-1"]
[WhiteElo "1518"]
[BlackElo "1277"]
[WhiteFideId "-1"]
[WhiteFideId "-1"]
[PlyCount "134"]
[GameId "2160767908411898"]
[EventDate "2017.04.18"]
[EventType "swiss"]
[EventRounds "7"]
[EventCountry "CAN"]
[SourceTitle "EXT 2022"]
[Source "ChessBase"]
[SourceDate "2021.10.06"]
[SourceVersion "1"]
[SourceVersionDate "2021.10.06"]
[SourceQuality "1"]

1. c4 Nf6 2. Nc3 d6 3. g3 e5 4. Bg2 Nbd7 5. d3 Be7 6. Nd5 Nxd5 7. cxd5 O-O 8. Bd2 Nf6 9. Rc1 Bd7 10. Ba5 b6 11. Bd2 Rc8 12. Rc3 c6 13. dxc6 Be8 14. Qa4 Qc7 15. Bh3 Rb8 16. Bd7 Nxd7 17. cxd7 Qb7 18. Qc6 Bxd7 19. Qxb7 Rxb7 20. e4 Rc8 21. Ne2 Rbc7 22. Rxc7 Rxc7 23. Nc3 Be6 24. Ke2 a6 25. Rc1 Bd8 26. a3 h6 27. f4 f6 28. Be3 Rc6 29. Kd2 Kf8 30. Ne2 Rxc1 31. Kxc1 d5 32. exd5 Bxd5 33. fxe5 fxe5 34. Nc3 Bc6 35. Kc2 Kf7 36. Kb3 Ke6 37. Kc4 g5 38. d4 exd4 39. Bxd4 Bc7 40. Bg7 h5 41. Kd4 Kf5 42. Nd5 Bd8 43. Ne3+ Ke6 44. Be5 Be7 45. b4 h4 46. Ng4 Bf3 47. Ne3 Bf6 48. Bxf6 Kxf6 49. g4 Ke6 50. h3 Be2 51. Ke4 a5 52. bxa5 bxa5 53. Kd4 Kf6 54. Kd5 Bb5 55. Kd6 Be2 56. Kd5 Bb5 57. Nc4 Bxc4+ 58. Kxc4 Ke5 59. Kb5 Kf4 60. Kxa5 Kg3 61. Kb5 Kxh3 62. a4 Kg3 63. a5 h3 64. a6 h2 65. a7 h1=Q 66. Kb6 Kxg4 67. Kc7 Kf4 0-1